Kabale University Library Catalogue

Functions, Statistics and Trigonometry / (Record no. 835)

MARC details
000 -LEADER
fixed length control field 01021nam a2200289 4500
003 - CONTROL NUMBER IDENTIFIER
control field OSt
005 - DATE AND TIME OF LATEST TRANSACTION
control field 20200611111111.0
008 - FIXED-LENGTH DATA ELEMENTS--GENERAL INFORMATION
fixed length control field 200611b ||||| |||| 00| 0 eng d
020 ## - INTERNATIONAL STANDARD BOOK NUMBER
International Standard Book Number 0673331997
040 ## - CATALOGING SOURCE
Original cataloging agency KABLIB
Transcribing agency KABLIB
Modifying agency KABLIB
082 ## - DEWEY DECIMAL CLASSIFICATION NUMBER
Edition number 23
Classification number 516.24
Item number RUB
100 ## - MAIN ENTRY--PERSONAL NAME
Personal name Rubenstein, Rheta N.
9 (RLIN) 2626
245 ## - TITLE STATEMENT
Title Functions, Statistics and Trigonometry /
Statement of responsibility, etc. Rheta N. Rubenstein...(et al.).
260 ## - PUBLICATION, DISTRIBUTION, ETC.
Place of publication, distribution, etc. New York :
Name of publisher, distributor, etc. Scott, Foresman,
Date of publication, distribution, etc. c1992.
300 ## - PHYSICAL DESCRIPTION
Extent ix, 937 p. :
Other physical details ill. (col.) ;
Dimensions 26 cm.
500 ## - GENERAL NOTE
General note Includes index.
700 ## - ADDED ENTRY--PERSONAL NAME
Personal name Schultz, James E.
Relator term Joint Author
9 (RLIN) 2627
700 ## - ADDED ENTRY--PERSONAL NAME
Personal name Senk, Sharon L.
Relator term Joint Author
9 (RLIN) 2628
700 ## - ADDED ENTRY--PERSONAL NAME
Personal name Hackworth, margaret.
Relator term Joint Author
9 (RLIN) 2629
700 ## - ADDED ENTRY--PERSONAL NAME
Personal name McConnell, John W.
Relator term Joint Author
9 (RLIN) 2630
700 ## - ADDED ENTRY--PERSONAL NAME
Personal name Viktora, Steven S.
Relator term Joint Author
9 (RLIN) 2631
700 ## - ADDED ENTRY--PERSONAL NAME
Personal name Aksoy, Dora
Relator term Joint Author
9 (RLIN) 2632
700 ## - ADDED ENTRY--PERSONAL NAME
Personal name Flanders, James.
Relator term Joint Author
9 (RLIN) 2633
700 ## - ADDED ENTRY--PERSONAL NAME
Personal name Kissane, Barry.
Relator term Joint Author
9 (RLIN) 2634
700 ## - ADDED ENTRY--PERSONAL NAME
Personal name Usiskin, Zlman.
Relator term Joint Author
9 (RLIN) 2635
942 ## - ADDED ENTRY ELEMENTS (KOHA)
Source of classification or shelving scheme Dewey Decimal Classification
Koha item type Book
Holdings
Withdrawn status Lost status Source of classification or shelving scheme Damaged status Not for loan Home library Current library Shelving location Date acquired Total Checkouts Full call number Barcode Date last seen Price effective from Koha item type
    Dewey Decimal Classification     Education Library Education Library Open Access Section 11.06.2020   516.24 RUB 782 11.06.2020 11.06.2020 Book

Kabale University Library | Kabale University P.O Box 317, Kabale, Uganda
Tel : +256754017033, +256774661503 E-mail : library@kab.ac.ug